LIBRARY & INFORMATION CENTRE, KCAET, TAVANUR

ONLINE PUBLIC ACCESS CATALOGUE (OPAC)

Text book on practical solid or descriptive geometry, Part 2 / (Record no. 9744)

MARC details
000 -LEADER
fixed length control field 00508cam a2200193ua 4500
041 ## - LANGUAGE CODE
Language code of text/sound track or separate title eng
082 ## - DEWEY DECIMAL CLASSIFICATION NUMBER
Classification number 516.6
Item number LOW/TE
100 ## - MAIN ENTRY--AUTHOR NAME
Personal name Low, David Allan .
245 ## - TITLE STATEMENT
Title Text book on practical solid or descriptive geometry, Part 2 /
250 ## - EDITION STATEMENT
Edition statement 1 /
260 ## - PUBLICATION, DISTRIBUTION, ETC. (IMPRINT)
Place of publication London :
Name of publisher Longman Green and Co ,
Year of publication 1963.
300 ## - PHYSICAL DESCRIPTION
Number of Pages 126 ; .
942 ## - ADDED ENTRY ELEMENTS (KOHA)
Koha item type Books
Holdings
Withdrawn status Lost status Damaged status Home library Current library Date acquired Full call number Accession Number Koha item type Public note
      KAUAET KAUAET 07/04/2012 516.6 9176 Books  
Withdrawn     KAUAET KAUAET 07/04/2012 516.6 9174 Books Deleted
Withdrawn     KAUAET KAUAET 07/04/2012 516.6 9173 Books Deleted
      KAUAET KAUAET 07/04/2012 516.6 9177 Books  
      KAUAET KAUAET 25/01/2023 516.6 LOW/TE 9179 Books  
free website counter